000 01154nam a22002537a 4500
005 20170124103210.0
010 _a464047
020 _c12.00
035 _a464047
037 _bCen Lib/Ret
040 _aDPL
_bHN
082 _a820.9
_bवाष्णेय
100 _aवाष्णेय, लक्ष्मीसागर
_942819
245 _aबीसवीं शताब्दी हिन्दी साहित्य :
_cलक्ष्मीसागर वाष्णेय
_bनए सन्दर्भ /
246 _aBeesvin shatabdi hindi sahitye : naye sandarbh /
_bby Lakshmisagar Vasharney
260 _aइलाहाबाद
_bसाहित्य भवन
_c1966
270 _bइलाहाबाद
300 _a320पृ.
_c20सेमी(सजिल्द)
650 _aहिन्दी -- साहित्य
_995983
650 _aहिन्दी साहित्य -- बीसवीं शताब्दी
_948842
650 _aHindi literature
_995984
650 _aHindi literature - Twentieth Century
_948844
942 _2ddc
_cHN
_h820.9
_mवाष्णेय
999 _c121251
_d121251